00490nam a2200169Ia 4500001001000000003000500010008004100015010001100056040000900067082001800076100002100094245007000115260005900185300001000244650002700254710003900281Para_2270CHAP220125s1997 xx 000 0 und d a200853 cCHAP aPA 635.642 J6 aJones, J.B., ed. aCompendium of tomato diseases /c ed. by J.B. Jones... [et. al.] aSt. Paul Minn. :b American Phytopathological Society a73 p. aTomate x enfermedades aAmerican phytopathological society